000 00706nam a22002177a 4500
999 _c14688
_d14688
003 AR-CdUCM
008 190424b ||||| |||| 00| 0 spa d
020 _a84-9825-173-7
020 _a978-84-9825-173-9
040 _aMUNICIPALIDAD PROVINCIAL DEL CUSCO
_cBIBLIOTECA MUNICIPAL DEL CUSCO
041 _hsp
082 _aEP / 376.1 /
_bV66
100 _aVillazán Povedano, Juana
_933556
245 _aJuan Ramón Jiménez :
_bDonde cantan los pájaros que cantan /
260 _aBarcelona :
_bCombel,
_c2006.
300 _a31 páginas ;
_bIlustraciones,
_c27 cm.
650 _aLiteratura infantil
_9588
700 _aPalomares Hernández, Fina
_933557
942 _2ddc
_cLIBROS
945 _aacv
_d2019-04-24